Drawing caricatures : (Record no. 117952)
[ view plain ]
| 000 -LEADER | |
|---|---|
| fixed length control field | 00563nam a2200181Ia 4500 |
| 008 - FIXED-LENGTH DATA ELEMENTS--GENERAL INFORMATION | |
| fixed length control field | 140609s9999 xx 000 0 und d |
| 020 ## - INTERNATIONAL STANDARD BOOK NUMBER | |
| International Standard Book Number | 9781848370807 |
| 050 ## - LIBRARY OF CONGRESS CALL NUMBER | |
| Classification number | NC 730 |
| Item number | .P825 2008 |
| 100 ## - MAIN ENTRY--PERSONAL NAME | |
| Personal name | Pope, Martin. |
| 245 ## - TITLE STATEMENT | |
| Title | Drawing caricatures : |
| Remainder of title | how to create successful caricatures in a range of styles / |
| Statement of responsibility, etc | Martin Pope |
| 260 ## - PUBLICATION, DISTRIBUTION, ETC. (IMPRINT) | |
| Place of publication, distribution, etc | Edison, NJ : |
| Name of publisher, distributor, etc | Chartwell Books, |
| Date of publication, distribution, etc | c2008. |
| 300 ## - PHYSICAL DESCRIPTION | |
| Extent | 128 p. : |
| Other physical details | ill. ; |
| Dimensions | 28 cm. |
| 500 ## - GENERAL NOTE | |
| General note | Includes glossary and index. |
| 521 ## - TARGET AUDIENCE NOTE | |
| Target audience note | |
| 650 ## - SUBJECT ADDED ENTRY--TOPICAL TERM | |
| Topical term or geographic name as entry element | Caricature |
| General subdivision | Technique. |
| 942 ## - ADDED ENTRY ELEMENTS (KOHA) | |
| Call number prefix | Foreign |
| Koha item type | Books |
| Withdrawn status | Lost status | Damaged status | Home library | Current library | Shelving location | Date acquired | Cost, normal purchase price | Total Checkouts | Total Renewals | Full call number | Barcode | Date last seen | Date checked out | Price effective from | Koha item type |
|---|---|---|---|---|---|---|---|---|---|---|---|---|---|---|---|
| College Library | College Library | General Circulation Section | 06/09/2014 | 429.00 | 1 | 1 | NC 730 .P825 2008 | C18240 | 05/15/2018 | 09/29/2014 | 06/09/2014 | Books |